000 00511nam a2200193Ia 4500
003 IIN
005 20240202154640.0
008 231217s9999 xx 000 0 und d
020 _cRs.1050.00
_a9789390595846
040 _aIIN
_bEnglish
082 _a611
_bASH
100 1 _aAshalatha, P.R.
245 1 _aTextbook of Anatomy for BSc Nursing Students
_cP.R. Ashalatha
250 _a3rd ed
260 _bJaypee
_aNew Delhi
_c2021
300 _axviii,437 p.
650 1 _aAnatomy
_vNursing
942 _cBOOK
999 _c847
_d847